| 000 | 00572cam a22002171 4500 | ||
|---|---|---|---|
| 001 | ne 66001904 | ||
| 003 | DLC | ||
| 005 | 20260227111827.0 | ||
| 008 | 890331s1965 xx c 000 0 ara | ||
| 010 | _ane 66001904 | ||
| 035 | _a(OCoLC)23498365 | ||
| 040 |
_aDLC _cMiU _dDLC |
||
| 050 | 0 | 0 |
_aPJ6131 _b.H3 1965 |
| 100 | 1 |
_aḤamalāwī, Aḥmad, _d1856 or 1857-1932. |
|
| 245 | 1 | 0 | _aKitāb shadhā al-ʻarf. |
| 260 | _c1965. | ||
| 300 |
_a192 p. _bport. _c21 cm. |
||
| 500 | _aRomanized. | ||
| 650 | 0 |
_aArabic language _xWord formation. |
|
| 740 | 0 | _aShadhā al-ʻarf. | |
| 999 |
_c49211 _d49211 |
||